000 00306nam a2200133Ia 4500
008 190216s9999||||xx |||||||||||||| ||und||
100 _aRajaraman.V
245 0 _aFundamentals Of Computers
250 _a2nd Ed.
260 _bPrentice Hall India
_c1996
300 _a316
650 _aComputer
942 _cBK
999 _c8513
_d8513